| 000 | 00727nam a2200265Ia 4500 | ||
|---|---|---|---|
| 003 | OSt | ||
| 005 | 20221006161019.0 | ||
| 006 | a|||||r|||| 00| 0 | ||
| 007 | ta | ||
| 008 | 221006b |||||||| |||| 00| 0 eng d | ||
| 020 | _a030524164 | ||
| 024 | _a47,116 | ||
| 037 | _cTextual | ||
| 040 |
_aEASL _cEASL _beng |
||
| 041 |
_2eng _aeng |
||
| 082 | _aW.4.N79, M0;1 | ||
| 100 | _aCHAWLA Sudershan Ed. | ||
| 245 | 0 | _aChanging patterns of security and stability in Asia | |
| 260 |
_aUSA _bPraeger Publishers _c1980 |
||
| 300 |
_a257p. _ccm. |
||
| 490 | _v Oth | ||
| 700 | _a SARDESAI D.R Ed. | ||
| 942 |
_hW.4.N79, M0;1 _cTEXL _2CC |
||
| 999 |
_c1115204 _d1115204 |
||